Statistics for X-Men Alter-Egos

Click here to take the quiz!

General Stats

  • This quiz has been taken 28 times
  • The average score is 17 of 25

Answer Stats

HintAnswer% Correct
James HowlettWolverine
100%
Hank McCoyBeast
96%
Scott SummersCyclops
96%
Wade WilsonDeadpool
96%
Jean GreyPhoenix / Marvel Girl
96%
Erik LensherrMagneto
92%
Charles XavierProfessor X
92%
Bobby DrakeIceman
88%
Warren Worthington IIIAngel
84%
Kurt WagnerNightcrawler
84%
Ororo MunroeStorm
84%
Raven DarkhölmeMystique
80%
Pietro MaximoffQuicksilver
80%
Piotr RasputinColossus
72%
Anna MarieRogue
72%
Jubilation LeeJubilee
64%
Cain MarkoJuggernaut
64%
Sean CassidyBanshee
56%
Illyana RasputinMagik
48%
Sam GuthrieCannonball
28%
Vanessa CarlysleCopycat
28%
Hiro YoshidaSunfire
28%
Armando MuñozDarwin
24%
John ProudstarThunderbird
24%
Angel SalvadoreTempest
4%

Score Distribution

Percentile by Number Answered

Percent of People with Each Score

Your Score History

You have not taken this quiz